00591nam a2200169Ia 4500008004100000020001800041041000800059082001600067100002700083245009200110250000600202260003200208300001400240650002300254999001900277952012500296210716s2011 xx 000 0 und d a9788130912677 aeng a374.22 NIPK aNippani, Kalyan Sagar. aWinning without running: scientific laws of leadership.bScientific laws of leadership. a1 aNew DelhibViva Booksc2011 axviii,209 aGeneral Management c207800d207800 001040708MBAaAIMITbAIMITd2012-12-18g295.00l0o374.22 NIPKpMBA10366r2026-05-23 00:00:00v221.25w2021-07-16yBK